| 000 | 01058nam0a2200313 i 4500 | ||
|---|---|---|---|
| 001 | RU\NLR\bibl\2066787 | ||
| 005 | 20260406112917.0 | ||
| 010 |
_a9785445304999 _92000 |
||
| 021 |
_aRU _b2013-59842 _94111 |
||
| 035 | _a(NLR Aleph) 002053253 | ||
| 090 |
_a4651654 _c4651654 |
||
| 100 | _a20130829d2014 u y0rusy50 ca | ||
| 101 | 0 | _arus | |
| 102 | _aRU | ||
| 105 | _ay ||||||||| | ||
| 200 | 1 |
_aОтцы и дети _e[роман] _fИ.С. Тургенев |
|
| 210 |
_aСанкт-Петербург _cЛениздат _cКоманда А _d2014 [т. е. 2013] |
||
| 215 |
_a255 с. _d19 |
||
| 225 | 1 | _aКлассика | |
| 225 | 1 | _aСерия "Лениздат-классика" | |
| 300 | _aФактическая дата выхода в свет : 2013. | ||
| 686 | _aШ6(2=Р)52-4 | ||
| 700 | 1 |
_4070 _7ca _8rus _aТургенев _bИ. С. _f1818-1883 _gИван Сергеевич _9110198 _3RU\NLR\auth\77102 |
|
| 801 | 0 |
_aRU _bNLR _c20130829 _gRCR |
|
| 801 | 1 |
_aRU _bNLR _c20130829 |
|
| 942 | _cBOOK | ||
| 980 | _aNBR | ||